000 00461nam a22001937a 4500
003 OSt
005 20241105155036.0
008 241105b |||||||| |||| 00| 0 eng d
040 _cMRSPTU
041 _aENG
082 _a630
_bDA-P
100 _aDas, N.R.
245 _aPractical Manual on Basic Agronomy ( With Theory )
250 _a2nd Ed.
260 _aJodhpur
_bScientific Pub,
_c2018
300 _a336
650 _aAgriculture
942 _2ddc
_cBK
_n0
999 _c10442
_d10442